| 000 | 00672nam a2200205 a 4500 | ||
|---|---|---|---|
| 005 | 20230317063627.0 | ||
| 008 | 991125s1986 mx 000 0 spa u | ||
| 020 | _a9684960999 | ||
| 035 | _aUPN01000035443 | ||
| 049 | _aSEP | ||
| 050 | 4 |
_aHN5 _bC23 no.133 |
|
| 245 | 0 | 0 |
_aLingüística aplicada y sociolingüística del nánuatl de la Sierra de Zongolica : _bresultados iniciales / _cA. Roth Seneff ... [et al.]. |
| 260 |
_aMéxico : _bCIESAS, _c1986. |
||
| 300 | _a124 p. | ||
| 440 | 0 |
_aCuadernos de la casa chata ; _v133 |
|
| 650 | 4 |
_aNAHUATL - _xFONETICA _924390 |
|
| 650 | 4 |
_aNáhuatl _xGramática _919093 |
|
| 700 | 1 |
_aRoth Seneff, Andrés, _ecoaut. |
|
| 905 | _aLibro | ||
| 999 |
_c35443 _d35443 |
||